Pozvanie na EUROSHOP '93

Jeden z najväčších a najvýznamnejších veľtrhov v Európe - Euroshop, ktorý sa konal v Düsseldorfe od l2. do 16. júna 1993 už jedenástykrát. Význam veľtrhu pre podnikateľov.

Enregistré dans:
Détails bibliographiques
Auteur principal: Kettner, P.
Format: Chapitre de livre
Langue:slovaque
Sujets:
Tags: Ajouter un tag
Pas de tags, Soyez le premier à ajouter un tag!

MARC

LEADER 00000naa a2200000 4500
001 r016248
005 20221213123108.2
041 0 |a slo 
044 |a SK 
245 1 0 |a Pozvanie na EUROSHOP '93  |c P. Kettner 
520 |a Jeden z najväčších a najvýznamnejších veľtrhov v Európe - Euroshop, ktorý sa konal v Düsseldorfe od l2. do 16. júna 1993 už jedenástykrát. Význam veľtrhu pre podnikateľov. 
610 2 0 |a veľtrhy 
610 2 0 |a Düsseldorf 
610 2 0 |a Euroshop 
610 2 0 |a 1993 
610 2 0 |a Nemecko 
100 1 |a Kettner, P.